Report of the committee democratic decentralisation (Record no. 518007)

000 -LEADER
fixed length control field 00282nam a2200097 4500
082 ## - DEWEY DECIMAL CLASSIFICATION NUMBER
Classification number TNC F51x5442 M279
100 ## - MAIN ENTRY--PERSONAL NAME
Personal name Government of Maharashtra
9 (RLIN) 26624
245 ## - TITLE STATEMENT
Title Report of the committee democratic decentralisation
260 ## - PUBLICATION, DISTRIBUTION, ETC. (IMPRINT)
Place of publication, distribution, etc Bombay
Name of publisher, distributor, etc Government central
Date of publication, distribution, etc 1961
300 ## - PHYSICAL DESCRIPTION
Extent 298p
Holdings
Withdrawn status Lost status Source of classification or shelving scheme Damaged status Koha normalized classification for sorting Not for loan Permanent location Current location Date acquired Full call number Barcode Date last seen Price effective from Koha item type
        TNC_F51X5442_M279   Indian Institute of Public Administration Indian Institute of Public Administration 2021-08-09 TNC F51x5442 M279 GR23570 2021-08-09 2021-08-09 GR

Powered by Koha